000 00317 a2200145 4500
001 166858
020 _a
040 _cMagnum
100 _aPena-Casanova, J.
240 1 0 _aManual de fonoaudiologia
_lpor
245 1 0 _aManual de fonoaudiologia
362 0 _a1899
697 _aCIENCIAS MEDICAS SAUDE
942 _cBK
999 _c166858
_d166858